[Event "AUTO-MASTER-445"]
[Site "http://www.queenalice.com/game.php?id=439085"]
[Date "2008.7.26"]
[Round "2"]
[White "David33"]
[Black "gipmachado"]
[Result "1-0"]
[WhiteElo "2406"]
[BlackElo "2266"]

1. e4 e5 2. Nf3 Nc6 3. Bb5 a6 4. Ba4 Nf6 5. O-O Be7 6. Re1 b5 7. Bb3 d6 8. c3
O-O 9. h3 Na5 10. Bc2 c5 11. d4 Qc7 12. Nbd2 Bd7 13. Nf1 1-0

[Event "AUTO-MASTER-445"]
[Site "http://www.queenalice.com/game.php?id=439086"]
[Date "2008.7.26"]
[Round "2"]
[White "gipmachado"]
[Black "David33"]
[Result "0-1"]
[WhiteElo "2258"]
[BlackElo "2411"]

1. e4 c5 2. Nf3 d6 3. d4 cxd4 4. Nxd4 Nf6 5. Nc3 a6 6. Be3 e6 7. Bd3 b5 8. a3
Bb7 9. O-O Nbd7 10. Re1 Be7 11. f4 O-O 0-1

[Event "AUTO-MASTER-445"]
[Site "http://www.queenalice.com/game.php?id=439087"]
[Date "2008.7.26"]
[Round "2"]
[White "David33"]
[Black "mateuserafa"]
[Result "1-0"]
[WhiteElo "2397"]
[BlackElo "2235"]

1. e4 c5 2. Nf3 d6 3. d4 cxd4 4. Nxd4 e5 5. Nb3 a6 6. Nc3 Nf6 7. Be2 Be7 8. O-O
O-O 9. Qd3 Be6 10. f4 exf4 11. Bxf4 1-0

[Event "AUTO-MASTER-445"]
[Site "http://www.queenalice.com/game.php?id=439088"]
[Date "2008.7.26"]
[Round "2"]
[White "mateuserafa"]
[Black "David33"]
[Result "0-1"]
[WhiteElo "2243"]
[BlackElo "2389"]

1. e4 c5 2. Nf3 d6 3. d4 cxd4 4. Nxd4 Nf6 5. Nc3 a6 6. Bg5 e6 7. Bd3 Be7 8. Qd2
O-O 9. O-O b5 10. f4 Qb6 0-1

[Event "QA-ANNIV-04"]
[Site "http://www.queenalice.com/game.php?id=445701"]
[Date "2008.8.8"]
[Round "2"]
[White "David33"]
[Black "jpot2503"]
[Result "1-0"]
[WhiteElo "2405"]
[BlackElo "1894"]

1. e4 e5 2. Nf3 d6 3. d4 Bg4 4. dxe5 dxe5 5. Qxd8+ Kxd8 6. Nxe5 Bh5 7. Be2 f6 8.
Bxh5 fxe5 9. Nc3 Nf6 10. Be2 Bb4 11. f3 Bxc3+ 12. bxc3 Nc6 13. Rb1 Kc8 14. Be3
Nb8 15. O-O b6 16. f4 exf4 17. Bxf4 Kb7 18. Bf3 Nc6 19. e5 Nd7 20. Rbe1 Rae8 21.
e6 Nb8 22. Bd5 Kc8 23. Bg3 h6 24. Rf7 Re7 25. Ref1 Rhe8 26. Be5 g5 27. c4 Kd8
28. Bf6 g4 29. Bxe7+ Nxe7 30. Rf8 Ng6 31. Rxe8+ Kxe8 32. Rf6 1-0

[Event "AUTO-ELITE-157"]
[Site "http://www.queenalice.com/game.php?id=457368"]
[Date "2008.9.2"]
[Round "2"]
[White "Papuchu"]
[Black "David33"]
[Result "1-0"]
[WhiteElo "2367"]
[BlackElo "2383"]

1. d4 Nf6 2. c4 e6 3. Nc3 Bb4 4. Qc2 O-O 5. a3 Bxc3+ 6. Qxc3 b6 7. Bg5 Bb7 8. f3
h6 9. Bh4 d5 10. e3 Nbd7 11. cxd5 Nxd5 12. Bxd8 Nxc3 13. Bh4 Nd5 14. Bf2 c5 15.
e4 Ne7 16. Ne2 Rac8 17. b4 cxb4 18. axb4 a6 19. Ng3 Rc2 20. b5 a5 21. Bd3 Rb2
22. O-O Rb3 23. Bc4 Rc3 24. Rfc1 Rxc1+ 25. Rxc1 Rc8 26. Ne2 g5 27. Rc3 Kg7 28.
Bb3 Kf6 29. Be3 Ng6 30. Kf2 Rxc3 31. Nxc3 Ke7 32. Bc1 Kd8 33. g3 Kc7 34. Ke2 Nf6
35. Be3 Ne7 36. h4 1-0

[Event "AUTO-ELITE-157"]
[Site "http://www.queenalice.com/game.php?id=457369"]
[Date "2008.9.2"]
[Round "2"]
[White "David33"]
[Black "Papuchu"]
[Result "0-1"]
[WhiteElo "2371"]
[BlackElo "2379"]

1. e4 e5 2. Nf3 Nc6 3. Bb5 a6 4. Ba4 Nf6 5. O-O Be7 6. Re1 b5 7. Bb3 d6 8. c3
O-O 9. h3 Na5 10. Bc2 c5 11. d4 Qc7 12. Nbd2 cxd4 13. cxd4 Nc6 14. Nb3 a5 15.
Be3 a4 16. Nbd2 Bd7 17. Rc1 Qb7 18. Qe2 Rfc8 19. Bd3 exd4 20. Nxd4 d5 21. Nxc6
Bxc6 22. e5 Ne4 23. Nf3 a3 24. b3 Bd7 25. Bd4 Rxc1 26. Rxc1 b4 27. Kh2 h6 28. g3
Re8 29. Nd2 Nxd2 30. Qxd2 Rc8 31. Rc2 Rxc2 32. Qxc2 Qc8 33. Qxc8+ Bxc8 34. Kg2
h5 35. h4 Be6 36. f4 f6 37. exf6 Bxf6 38. Bxf6 gxf6 39. f5 Bf7 0-1

[Event "AUTO-ELITE-159"]
[Site "http://www.queenalice.com/game.php?id=481220"]
[Date "2008.10.22"]
[Round "2"]
[White "David33"]
[Black "dilucia"]
[Result "0-1"]
[WhiteElo "2419"]
[BlackElo "2421"]

1. e4 c5 2. Nf3 d6 3. d4 cxd4 4. Nxd4 Nf6 5. Nc3 a6 6. Be3 e6 7. f3 b5 8. g4 b4
9. Nce2 h6 10. Bg2 e5 11. Nf5 Be6 12. Qd2 d5 13. exd5 Qxd5 0-1

[Event "AUTO-ELITE-159"]
[Site "http://www.queenalice.com/game.php?id=481221"]
[Date "2008.10.22"]
[Round "2"]
[White "dilucia"]
[Black "David33"]
[Result "1-0"]
[WhiteElo "2413"]
[BlackElo "2427"]

1. e4 c5 2. Nf3 d6 3. d4 cxd4 4. Nxd4 Nf6 5. Nc3 a6 6. Bg5 e6 7. f4 Qb6 8. Qd2
Qxb2 9. Nb3 Qa3 10. Bxf6 gxf6 11. Be2 h5 12. O-O Nc6 13. Nb1 1-0

[Event "Let's Play Chess!"]
[Site "http://www.queenalice.com/game.php?id=578615"]
[Date "2009.4.27"]
[Round "-"]
[White "David33"]
[Black "OrlandoRochaFilho"]
[Result "1-0"]
[WhiteElo "2314"]
[BlackElo "2146"]

1. e4 c5 2. Nf3 d6 3. Bb5+ Bd7 4. Bxd7+ Qxd7 5. O-O Nc6 6. c3 g6 7. d4 cxd4 8.
cxd4 Rc8 9. Nc3 Bg7 10. Be3 a6 11. Na4 Qg4 12. Rc1 b5 13. Nb6 1-0

[Event "Let's Play Chess!"]
[Site "http://www.queenalice.com/game.php?id=578616"]
[Date "2009.4.27"]
[Round "-"]
[White "OrlandoRochaFilho"]
[Black "David33"]
[Result "0-1"]
[WhiteElo "2157"]
[BlackElo "2321"]

1. b3 c5 2. Bb2 Nc6 3. e3 e5 4. Bb5 Nge7 5. Ne2 g6 6. f4 Bg7 7. O-O d6 8. fxe5
dxe5 9. Ng3 O-O 10. Ne4 b6 11. Nbc3 a6 12. Be2 Nf5 13. Qe1 Nd6 14. Nxd6 Qxd6 15.
Ne4 Qe7 16. a3 f5 17. Nc3 Be6 18. d3 Rac8 19. Bf3 Rfd8 20. e4 f4 21. Nd5 Bxd5
22. exd5 Nd4 23. c4 Nc2 0-1

[Event "AUTO-ELITE-332"]
[Site "http://www.queenalice.com/game.php?id=579741"]
[Date "2009.4.29"]
[Round "1"]
[White "enzoiazo"]
[Black "David33"]
[Result "0-1"]
[WhiteElo "2185"]
[BlackElo "2357"]

1. d4 Nf6 2. Nf3 e6 3. e3 d5 4. Bd3 c5 5. O-O Nc6 6. b3 Bd6 7. Bb2 O-O 8. a3 b6
9. Nbd2 cxd4 10. exd4 Bb7 11. Ne5 Ne7 12. f4 Ne4 13. Qe2 f5 14. c4 Ba6 15. Rac1
Rc8 16. b4 Bxe5 17. fxe5 Nxd2 18. Qxd2 dxc4 19. Be2 Nd5 20. Bc3 Qd7 21. Rf3 b5
22. Rh3 Bb7 23. Bf3 Nb6 24. Qg5 Bxf3 25. Rxf3 Nd5 26. Qh4 Rcd8 27. Rh3 Nxc3 28.
Qxh7+ Kf7 29. Qh5+ Ke7 30. Qg5+ Ke8 31. Qg6+ Qf7 32. Qxf7+ Kxf7 33. Rcxc3 Rxd4
0-1

[Event "AUTO-ELITE-332"]
[Site "http://www.queenalice.com/game.php?id=579742"]
[Date "2009.4.29"]
[Round "1"]
[White "David33"]
[Black "enzoiazo"]
[Result "1-0"]
[WhiteElo "2349"]
[BlackElo "2204"]

1. e4 Nf6 2. e5 Nd5 3. d4 d6 4. Nf3 Bg4 5. Be2 c6 6. Ng5 Bf5 7. e6 Bxe6 8. Nxe6
fxe6 9. Bg4 Nc7 10. Qe2 Qd7 11. O-O g6 12. Re1 Bg7 13. c3 O-O 14. Nd2 Rf6 15.
Nf3 Qe8 16. Bg5 Rf8 17. Bxe6+ Nxe6 18. Qxe6+ Kh8 19. Bxe7 Rf5 20. Bxd6 Qxe6 21.
Rxe6 Nd7 22. Rae1 h6 23. Re8+ Rxe8 24. Rxe8+ Bf8 25. Bxf8 Rxf8 26. Re7 Rd8 27.
Nh4 g5 28. Nf5 h5 29. Nh6 1-0

[Event "AUTO-ELITE-332"]
[Site "http://www.queenalice.com/game.php?id=579745"]
[Date "2009.4.29"]
[Round "1"]
[White "serse"]
[Black "David33"]
[Result "0-1"]
[WhiteElo "2293"]
[BlackElo "2328"]

1. e4 c5 2. Nf3 Nc6 3. Bb5 e6 4. O-O Nge7 5. Re1 Nd4 6. Nxd4 cxd4 7. c3 Nc6 8.
Na3 Bxa3 9. bxa3 O-O 10. Rb1 a6 11. Bd3 e5 12. cxd4 Nxd4 0-1

[Event "AUTO-ELITE-332"]
[Site "http://www.queenalice.com/game.php?id=637696"]
[Date "2009.8.16"]
[Round "2"]
[White "Sidinei"]
[Black "David33"]
[Result "1-0"]
[WhiteElo "2483"]
[BlackElo "2365"]

1. e4 c5 2. Nf3 d6 3. d4 cxd4 4. Qxd4 Nc6 5. Qa4 Bd7 6. Bd3 Nf6 7. h3 g6 8. Qb3
Qc7 9. O-O Bg7 10. Nc3 O-O 11. Nd5 Nxd5 12. exd5 Ne5 13. Nxe5 Bxe5 14. a4 e6 15.
Bc4 exd5 16. Bxd5 Bc6 17. c3 Bxd5 18. Qxd5 Qc6 19. Rd1 Qxd5 20. Rxd5 Rfe8 21.
Kf1 Re6 22. Rb5 Re7 23. Bh6 Bg7 24. Be3 a6 25. Rb6 Rd7 26. Ra3 Rc8 27. Rab3 Rcc7
28. Rxa6 f5 29. Ra8+ Kf7 30. Ke2 d5 31. Kd3 Bf8 32. a5 Bc5 33. Bf4 Bd6 34. Bxd6
Rxd6 35. Rb8 Rdd7 36. Rb6 Re7 37. b4 1-0

[Event "AUTO-ELITE-332"]
[Site "http://www.queenalice.com/game.php?id=637697"]
[Date "2009.8.16"]
[Round "2"]
[White "David33"]
[Black "Sidinei"]
[Result "1/2-1/2"]
[WhiteElo "2357"]
[BlackElo "2513"]

1. e4 e5 2. Nf3 Nc6 3. Bb5 g6 4. d4 exd4 5. Bg5 Be7 6. Bxe7 Ngxe7 7. Nxd4 O-O 8.
Nc3 d5 9. Bxc6 bxc6 10. Nb3 dxe4 11. Nxe4 Bf5 12. Nbc5 Bxe4 13. Nxe4 Nf5 14. O-O
Qd4 15. Qxd4 Nxd4 16. c3 Ne2+ 17. Kh1 Nf4 18. Rad1 Rfd8 19. g3 Nd3 20. Rd2 f5
21. Ng5 Rd6 22. f4 Rb8 23. b3 Re8 24. Kg1 Ne1 25. Rxd6 cxd6 26. Nf3 Nxf3+ 27.
Rxf3 Re2 28. Rf2 Re4 29. Rf3 Re1+ 30. Rf1 Re3 31. c4 Kf7 32. Kf2 Rc3 33. Re1 a5
34. Re3 Rc2+ 35. Re2 Rc1 36. Ke3 h6 37. Kd3 g5 38. fxg5 hxg5 39. Rc2 Re1 40. Re2
Rh1 41. Kc3 Kf6 42. Kd4 f4 43. Ke4 Rf1 44. gxf4 gxf4 45. Rd2 Ke6 46. a3 d5+ 47.
Kd4 dxc4 48. bxc4 Kf5 49. Kc5 Rc1 50. Kxc6 Rxc4+ 51. Kb5 Rc1 52. Kxa5 Rb1 53. h4
f3 54. h5 Ke4 55. h6 Rb7 56. Rh2 Rh7 57. a4 Ke3 58. Kb6 f2 59. Rxf2 Rxh6+ 60.
Kb7 Rh7+ 61. Kb6 Kxf2 62. a5 Rh3 63. a6 Rg3 64. a7 Ra3 65. Kb7 Rb3+ 66. Ka8 Rd3
67. Kb8 Rd8+ 68. Kb7 1/2-1/2